000
00383nam a22001217a 4500
003
SGT
082
_a
920
_b
N78V
100
_a
वर्मा, विश्वनाथ प्रसाद
245
_a
निर्वाचन और राजनीती
260
_b
बिहार हिंदी ग्रन्थ अकादमी
_c
1978
300
_a
434
942
_2
ddc
_c
BK
999
_c
31975
_d
31975